000 00496nam a2200181Ia 4500
001 11157
005 20260306161925.0
008 260306t2010||||xx |||||||||||||| ||spa||
041 _aESP
082 _a985.01
_bD239
100 _aDeza Rivasplata, Jaime
_eAUT
245 0 _aLa infancia de la palabra escrita:
_bHallazgos e investigación de petroglifos en el alto Zaña
260 _c2010
300 _a189 páginas :
_c23 cm.
650 _aGEN
654 _aCHU
942 _cLIB
_dJUS
_fJUS
_2ddc
_n
999 _c11157
_d11157